000 00777nam a2200301 a 4500
001 vtls000354787
003 NLI
005 20210602171443.0
008 110113s2003 ii e 000 0 eng d
020 _a9788180540783 (pbk.)
_cRs.125.00
039 9 _y201101132037
_zVLOAD
040 _aNLI :
_beng
_cNLMARC21
041 0 _aeng
044 _aii
082 0 4 _a346.066076
_222
110 _aIndia
_95780
240 _a[Laws, etc.]
245 1 0 _aCompany law/
_cG. K. Kapoor
260 _aNew Delhi :
_bSultan Chand,
_c2003
300 _a1v (various pagings);
_c24 cm.
650 0 _aCorporation law
_94663
887 _aUma
901 _aDB101104
_b03.11.06
902 _aE 346.066076 K 141 c (3)
904 _aUma
942 _2ddc
_cBKS
999 _aVIRTUA40
_c314586
_d314586